| LEADER 00000nam 2200000uu 4500 |
| 001 208967 |
| 003 ULIBM |
| 008 130426s||||||||th 000 0 tha d |
| 020 ^a9786161113681
|
| 041 0 ^atha
|
| 060 4 ^aWA110 ค695 2555
|
| 245 00 ^aคู่มือ อสม การเฝ้าระวัง ควบคุมและป้องกันโรคเชิงรุก./^bผู้เขียนและเรียบเรียง,จิรพันธุ์ วิบูลย์วงศ์,วิรุณศิริ อารยวงศ์,ณัฐวดี ศรีส่ง
|
| 260 ^aกรุงเทพฯ : ^bกองสนับสนุนสุขภาพภาคประชาชน กรมสนับสนุนบริการสุขภาพ,^c2555
|
| 300 ^a64 หน้า;^bภาพประกอบ
|
| 650 0 ^aโรค ^xการป้องกันและควบคุม.
|
| 650 0 ^aคอตีบ,โรค ^xการป้องกันและควบคุม.
|
| 650 0 ^aวัคซีน
|
| 700 0 ^aจิรพันธุ์ วิบูลย์วงศ์,เรียบเรียง
|
| 700 0 ^aวิรุณศิริ อารยวงศ์,เรียบเรียง
|
| 700 0 ^aณัฐวดี ศรีส่ง,เรียบเรียง
|
| 710 2 ^aกรมสนับสนุนบริการสุขภาพ. กองสนับสนุนสุขภาพภาคประชาชน.
|
| 999 ^aใช้งานได้ทุกระบบ
|